| 000 | 00691nam a2200229 i 4500 | ||
|---|---|---|---|
| 001 | 27379 | ||
| 003 | ES-MaACL | ||
| 005 | 20250801153336.0 | ||
| 007 | t| | ||
| 008 | 030114s1975 fr ||||1| spa d | ||
| 080 | _a821.133.1-993"19" | ||
| 100 | 1 |
_aArsan, Emmanuelle. _923406 |
|
| 245 | 1 | 0 |
_aEmmanuelle / _cEmmanuelle Arsan ; traducido por Xavier Roy. |
| 260 |
_a[París : _bRuedo Ibérico, _c1975] |
||
| 300 |
_a205 p. ; _c22 cm. |
||
| 490 | 1 |
_aBuen amor, loco amor ; _v2 |
|
| 700 | 1 |
_aRoy, Xavier. _9100208 |
|
| 710 | 2 |
_aÉditions Ruedo ibérico. _9145333 |
|
| 830 | 1 | 0 |
_aLibros buen amor, loco amor _v2 _9220003 |
| 852 |
_aES-MaACL _jL-2784 |
||
| 999 |
_c27379 _d27379 |
||